000 00259nam a2200097Ia 4500
001 1228404
005 20250827093041.0
008 250824s9999 xx 000 0 und d
245 0 _aCANIN SAĞOLSUN
_cSERKAN ÖZEL
260 _bDESTEK YAYINLARI
999 _c1228404
_d1228404